|
|
|
|
| LEADER |
01526nam a2200373Ia 4500 |
| 001 |
EBC259216 |
| 003 |
MiAaPQ |
| 005 |
20200520144314.0 |
| 006 |
m o d | |
| 007 |
cr cn||||||||| |
| 008 |
981204s1998 onca sbi f001 0 fre d |
| 020 |
|
|
|z 0889368511
|
| 035 |
|
|
|a (MiAaPQ)EBC259216
|
| 035 |
|
|
|a (Au-PeEL)EBL259216
|
| 035 |
|
|
|a (CaPaEBR)ebr10120514
|
| 035 |
|
|
|a (CaONFJC)MIL71832
|
| 035 |
|
|
|a (OCoLC)181820716
|
| 040 |
|
|
|a MiAaPQ
|c MiAaPQ
|d MiAaPQ
|
| 050 |
|
4 |
|a HC59.I5
|b G5514 1998
|
| 082 |
0 |
4 |
|a 338.9/009172/4
|2 21
|
| 245 |
0 |
0 |
|a Mondialisation, croissance et marginalisation
|h [electronic resource] /
|c sous la direction de A.S. Bhalla.
|
| 260 |
|
|
|a Ottawa, Ont. :
|b Centre de recherches pour le developpement international,
|c c1998.
|
| 300 |
|
|
|a x, 276 p. :
|b ill.
|
| 500 |
|
|
|a Also published under the title: Globalization, growth and marginalization.
|
| 504 |
|
|
|a Includes biliographical references and index.
|
| 533 |
|
|
|a Electronic reproduction. Ann Arbor, MI : ProQuest, 2015. Available via World Wide Web. Access may be limited to ProQuest affiliated libraries.
|
| 650 |
|
0 |
|a International economic relations.
|
| 650 |
|
0 |
|a Technological innovations
|z Developing countries.
|
| 651 |
|
0 |
|a Developing countries
|x Economic conditions.
|
| 655 |
|
4 |
|a Electronic books.
|
| 700 |
1 |
|
|a Bhalla, A. S.
|
| 710 |
2 |
|
|a International Development Research Centre (Canada)
|
| 710 |
2 |
|
|a ProQuest (Firm)
|
| 856 |
4 |
0 |
|u https://ebookcentral.proquest.com/lib/matrademy/detail.action?docID=259216
|z Click to View
|